Silent Night Mash-Up (audio) Quiz Stats

Quiz not verified by Sporcle

Challenge
Share
Tweet
Score 0/18 Timer 07:00
0 Plays Today
Time Artist % Correct
0:11-0:21Elvis Presley
83.4%
2:10-2:21Bing Crosby
78.1%
0:33-0:45Boyz II Men
60.3%
0:45-0:55Josh Groban
55.2%
0:55-1:04Johnny Cash
41.8%
0:21-0:33Barbra Streisand
39.3%
1:04-1:12Stevie Nicks
38.4%
2:57-3:07Michael Bolton
31.6%
2:47-2:57Andrea Bocelli
30.8%
Time Artist % Correct
2:00-2:10The Temptations
22.4%
1:12-1:21Brad Paisley
21.7%
2:29-2:38Sarah McLachlan
20.2%
2:21-2:29Kenny Rogers
17.6%
1:40-1:51Clay Aiken
15.9%
1:51-2:00Susan Boyle
15.1%
1:21-1:30Sarah Brightman
14.4%
1:30-1:40The Oak Ridge Boys
12.2%
2:38-2:47Sixpence None the Richer
3.6%

You're not logged in!

Compare scores with friends on all Sporcle quizzes.
Sign Up with Email
OR
Log In

You Might Also Like...

Show Comments

Extras

Top Quizzes Today


Score Distribution

Your Account Isn't Verified!

In order to create a playlist on Sporcle, you need to verify the email address you used during registration. Go to your Sporcle Settings to finish the process.

Report this User

Report this user for behavior that violates our Community Guidelines.

Details: